[Event "Metz op 32nd"]
[Site "Metz"]
[Date "2014.05.04"]
[Round "2"]
[White "Gharamian, Tigran"]
[Black "Svane, Rasmus"]
[Result "1-0"]
[WhiteElo "2655"]
[BlackElo "2501"]
[PlyCount "109"]
[EventDate "2014.05.03"]
[EventType "swiss"]
[EventRounds "9"]
[EventCountry "FRA"]
[SourceTitle "CBM 160 Extra"]
[Source "ChessBase"]
[SourceDate "2014.07.01"]
[SourceVersion "1"]
[SourceVersionDate "2014.07.01"]
[SourceQuality "1"]

1. Nf3 {Metz Alekhine/Primel,D} c5 2. g3 Nc6 3. Bg2 g6 4. O-O Bg7 5. c3 e5 6. d3 Nge7 7. a3 a5 8. a4 O-O 9. e4 d6 10. Na3 h6 11. Nd2 Be6 ({RR} 11... f5 12. Ndc4 Be6 13. Nb5 Nc8 14. exf5 gxf5 15. f4 e4 16. Ne3 d5 17. dxe4 dxe4 18. Qxd8 Nxd8 19. Nc7 Rb8 20. Nxe6 Nxe6 21. Rd1 Ne7 22. Bf1 Rfd8 23. Bc4 Kf7 24. Bd2 Kf6 25. Be1 h5 26. Kf1 {Wang,Y (2720)-Dominguez Perez,L (2726) Beijing 2014 1-0 (53)}) 12. Ndc4 ({RR} 12. Nb5 f5 13. Nc4 Nc8 14. Bh3 d5 15. exd5 Bxd5 16. Re1 Nb6 17. Ncd6 Rf6 18. c4 Be6 19. Bg2 Qe7 20. Be3 Nd7 21. Nxb7 Bf7 22. Qd2 Kh7 23. Nc7 Ndb8 24. Nd5 Qxb7 25. Nxf6+ Bxf6 26. Bxc5 Nd7 {Nigmatov,O (2505)-Lie,K (2489) chess.com INT 2025 1-0 (70)}) 12... d5 ({RR} 12... Kh7 13. Re1 ({RR} 13. f4 d5 ({RR} 13... b6 14. f5) 14. Ne3 dxe4 15. dxe4 Qxd1 16. Rxd1) ({RR} 13. Be3 b6 14. f4 d5 15. exd5 ({RR} 15. f5) 15... Bxd5 16. f5 Nxf5 17. Bxd5 Qxd5) 13... b6 14. Qb3 ({RR} 14. Nb5 Nc8 15. Qe2 N6a7 16. Nba3 Rb8 17. f4 Qd7 18. Qc2 Nc6 19. Be3 d5 20. exd5 Bxd5 21. fxe5 Bxg2 22. Qxg2 Rb7 23. d4 cxd4 24. cxd4 Nb4 25. Rad1 Nd5 26. Bf2 Nce7 27. Nb5 Qe6 28. Ncd6 Rd7) 14... Rb8 15. f4 d5 16. exd5 Bxd5 17. Qd1 Bxg2 18. Kxg2 Qd5+ 19. Qf3 Qxf3+ 20. Kxf3 Rfd8 21. fxe5 Rxd3+ {½-½ (21) Gharamian,T (2663)-Riff,J (2467) Metz 2013 EXT 2016 [Metz Alekhine/Primel,D]}) 13. exd5 Bxd5 14. f4 $146 ({RR} 14. Be3 Bxg2 15. Kxg2 b6 16. Nb5 Kh7 17. f3 Nd5 18. Bf2 f5 19. Qd2 Qf6 20. Ne3 Rad8 21. Nxd5 Rxd5 22. Qe2 Rfd8 23. Rad1 Qf7 24. Na3 Qc7 25. Nc4 Qb7 26. Qc2 Rb8 27. Qb3 Ne7 28. Rfe1 g5 {Ritvin,S (2255)-Steigman,A (2225) Philadelphia 1999 ½-½ (31)}) ({RR} 14. Bxd5 Nxd5 15. Nb5 Qd7 16. Qf3 f5) ({RR} 14. Be3 Bxg2 15. Kxg2 b6 16. f4 Nf5 17. Qf3 Rc8 18. fxe5 Bxe5 19. Rfe1 Re8 20. Rad1 h5 21. Bf2 Re6 22. Re4 Nd6 23. Nxd6 Qxd6 24. Nc4 Qc7 25. d4 cxd4 26. cxd4 Rf6 27. Qe2 Bd6 28. d5 Nb4 {Nagarkatte,V (1731)-Farago,S (2105) Budapest 2021 1-0 (49)}) 14... Bxg2 15. Kxg2 Qd5+ 16. Qf3 Rad8 17. fxe5 Qxd3 18. Be3 Nf5 19. Bxc5 Qxf3+ 20. Kxf3 Rfe8 21. Rad1 Nxe5+ 22. Nxe5 Bxe5 23. Bb6 Rd6 24. Rxd6 Nxd6 25. Bxa5 Ra8 26. Bb4 Rxa4 27. Re1 f6 28. Rxe5 Rxb4 29. Re6 Rb6 30. Rxf6 Kg7 31. Re6 Kf7 32. Re2 Rc6 33. Ke3 Kf6 34. Kd3 h5 35. Nc2 Nf5 36. Ne3 Rd6+ 37. Kc2 Nxe3+ 38. Rxe3 Kf5 39. h3 g5 40. c4 h4 41. gxh4 gxh4 42. Rf3+ Ke5 43. Rf7 b6 44. Rh7 Rd4 45. Kc3 Rf4 46. Kb4 Ke4 47. Rh6 Kd3 48. Rd6+ Kc2 49. Rxb6 Kxb2 50. Rh6 Kc2 51. Kb5 Rf3 52. Rxh4 Rb3+ 53. Kc6 Rb4 54. Rg4 Kd3 55. c5 1-0

[Event "Iasi op"]
[Site "Iasi"]
[Date "2014.05.17"]
[Round "8"]
[White "Nevednichy, Vladislav"]
[Black "Jianu, Vlad Cristian"]
[Result "1-0"]
[WhiteElo "2546"]
[BlackElo "2579"]
[PlyCount "81"]
[EventDate "2014.05.10"]
[EventType "swiss"]
[EventRounds "9"]
[EventCountry "ROU"]
[SourceTitle "CBM 160 Extra"]
[Source "ChessBase"]
[SourceDate "2014.07.01"]
[SourceVersion "1"]
[SourceVersionDate "2014.07.01"]
[SourceQuality "1"]

1. e4 {Horn,Peter} e6 2. d3 c5 3. Nf3 Nc6 4. g3 g6 5. Bg2 Bg7 6. O-O Nge7 7. c3 O-O ({RR} 7... e5) 8. Na3 ({RR} 8. d4 cxd4 9. cxd4 Qb6) 8... d6 9. Be3 b6 ({RR} 9... Rb8 10. Nc2 b5 11. d4 b4 12. dxc5 dxc5 13. Bxc5 bxc3 14. bxc3 Bxc3 15. Rb1 Ba6 16. Qxd8 Rfxd8 17. Rfc1 Rxb1 18. Rxb1 Bd3 19. Bxe7 Bxc2 20. Bxd8 Bxb1 21. Bc7 Bxa2 22. Bf1 Bb1 23. e5 a5 24. Bb5 {Skaraki,A (1990)-Asvestopoulou,E (1840) Trikala GRE 2024 0-1 (67)}) 10. d4 cxd4 11. Nxd4 Bb7 12. Ndb5 $146 ({RR} 12. Qa4 d5 ({RR} 12... a6) 13. exd5 Nxd4 14. Bxd4 Bxd4 15. Qxd4 Bxd5 16. Rfd1 Bxg2 17. Kxg2 Qc7 18. Qd7 Qxd7 19. Rxd7 Nd5 20. Rd1 Rfd8 21. Rxd8+ Rxd8 22. Kf3 ({RR} 22. c4 Ne3+) 22... Rc8 23. Ke2 Kf8 24. Rd4 Ke7 25. Ra4 a5 26. Rc4 Rxc4 {Xie,J (2480)-Brunner,L (2490) Baden-Baden 1992 CBM 033 [Horn,Peter] 1-0 (48)} ({RR} 26... Kd7)) ({RR} 12. f4 Nxd4 13. Bxd4 Bxd4+ 14. Qxd4 d5 15. e5 Ba6 16. Rfe1 Qc7 17. Kh1 Rfc8 18. g4 Rd8 19. Rad1 Qc5 20. Qd2 Rac8 21. Re3 Nc6 22. Nc2 Qc4 23. Bf1 Qa4 24. b3 Qa5 25. Bxa6 Qxa6 26. f5 d4 {Pelikan,J-Panno,O Villa Gesell 1971 1-0 (45)}) 12... d5 13. Bg5 a6 14. exd5 exd5 15. Nd4 Nxd4 16. cxd4 h6 17. Bd2 Nf5 18. Nc2 Re8 19. Ne3 Nxe3 20. Bxe3 Rc8 21. Qd2 h5 22. Rac1 Qd6 23. Bh3 f5 24. Bg2 a5 25. a3 Qd7 26. Bh6 Bf6 27. Bg5 Bg7 28. Rxc8 Rxc8 29. Bf4 Kh7 30. Re1 Re8 31. Rc1 Rc8 32. Rxc8 Qxc8 33. h3 Qc4 34. Be5 Bh6 35. f4 Ba6 36. Qd1 a4 37. Qe1 Bf8 38. g4 fxg4 39. hxg4 Qc6 40. Qh4 Be2 41. Qd8 1-0

[Event "FRA-chT Top 12"]
[Site "Saint Quentin"]
[Date "2014.05.27"]
[Round "4.1"]
[White "Vachier Lagrave, Maxime"]
[Black "Vaisser, Anatoli"]
[Result "1-0"]
[WhiteElo "2758"]
[BlackElo "2531"]
[PlyCount "44"]
[EventDate "2014.05.24"]
[EventType "team-tourn"]
[EventRounds "11"]
[EventCountry "FRA"]
[SourceTitle "CBM 160 Extra"]
[Source "ChessBase"]
[SourceDate "2014.07.01"]
[SourceVersion "1"]
[SourceVersionDate "2014.07.01"]
[SourceQuality "1"]
[WhiteTeam "Clichy Echecs 92"]
[BlackTeam "Strasbourg"]
[WhiteTeamCountry "FRA"]
[BlackTeamCountry "FRA"]

1. Nf3 f5 2. d3 d6 3. e4 e5 4. Nc3 Nc6 5. exf5 Bxf5 6. d4 exd4 7. Nxd4 Nxd4 8. Qxd4 Nf6 ({RR} 8... c6 9. Bd3 Bxd3 10. Qxd3 Nf6 11. O-O Be7 12. Ne2 Qd7 13. c4 O-O 14. Be3 Ng4 15. Bf4 Rad8 16. Rad1 Bf6 17. b3 Be5 18. Bxe5 Nxe5 19. Qd4 Qg4 20. Qxg4 Nxg4 21. Rd4 Nf6 22. Rfd1 Rfe8 23. Nc3 {Saric,A (2491)-Rubil,M (2233) Veli Losinj CRO 2024 1-0 (54)}) 9. Bc4 c6 10. Bg5 h6 $146 ({RR} 10... b5 11. Bb3 h6 12. Bh4 Qe7+ 13. Kd2 O-O-O 14. Rae1 Qd7 15. Bxf6 gxf6 16. Qxf6 d5 17. Re5 Be4 {½-½ (17) De Verdier,M (2345)-Kalinins,V (2204) Bunratty 2014}) ({RR} 10... d5 11. O-O-O Be7 12. Qe5 Qd7 13. Rhe1 Kf8 14. Nxd5 cxd5 15. Bb5 Qe6 16. Qxe6 Bxe6 17. Rxe6 Kf7 18. Re2 h6 19. Be3 Rhd8 20. Ba4 b6 21. Bb3 Rac8 22. Bd4 Bc5 23. f3 Rc7 24. g4 Bd6 25. h4 {Lock,G (2212)-Rendle,T (2397) Hastings 2008 1-0 (47)}) 11. Bh4 d5 12. O-O-O Be7 13. Rhe1 O-O 14. Qe5 Bg4 15. f3 Bd6 16. Nxd5 cxd5 17. Rxd5 Bxe5 18. Rxd8+ Kh7 19. Bd3+ g6 20. Rxf8 Rxf8 21. Kb1 Bf4 22. Bxf6 Ra8 1-0

[Event "FRA-chT Top 12"]
[Site "Saint Quentin"]
[Date "2014.05.29"]
[Round "6.1"]
[White "Vachier Lagrave, Maxime"]
[Black "Edouard, Romain"]
[Result "1-0"]
[WhiteElo "2758"]
[BlackElo "2692"]
[PlyCount "67"]
[EventDate "2014.05.24"]
[EventType "team-tourn"]
[EventRounds "11"]
[EventCountry "FRA"]
[SourceTitle "CBM 160 Extra"]
[Source "ChessBase"]
[SourceDate "2014.07.01"]
[SourceVersion "1"]
[SourceVersionDate "2014.07.01"]
[SourceQuality "1"]
[WhiteTeam "Clichy Echecs 92"]
[BlackTeam "Bischwiller"]
[WhiteTeamCountry "FRA"]
[BlackTeamCountry "FRA"]

1. Nf3 d5 2. g3 g6 3. Bg2 Bg7 4. O-O e5 5. d3 Nc6 6. e4 dxe4 7. dxe4 Qxd1 8. Rxd1 Bg4 9. c3 Rd8 ({RR} 9... Nf6 10. h3 Be6 11. Ng5 Bd7 12. Nd2 h6 13. Ngf3 O-O-O 14. Re1 Be6 15. Bf1 Nd7 16. Nb3 a5 17. Be3 a4 18. Nbd2 Bf8 19. b4 axb3 20. axb3 Bc5 21. Bxc5 Nxc5 22. b4 Nd7 23. Nc4 f6 24. Ra8+ {Carlsen,M (2830)-Wei Yi (2755) Warsaw POL 2024 1-0 (58)}) ({RR} 9... Nf6 10. h3 Be6 11. Ng5 Bd7 12. Nd2 h6 13. Ngf3 O-O-O 14. Re1 Be6 15. Bf1 Ne8 16. Kg2 Nd6 17. b4 Rhe8 18. Nh4 g5 19. Nhf3 f5 20. b5 Na5 21. exf5 Bd5 22. g4 c5 23. bxc6 Nxc6 24. Bb2 {Petriashvili,N (2450)-Lumachi,G (2450) Trieste ITA 2025 ½-½ (39)}) 10. Rxd8+ Nxd8 11. Na3 $146 ({RR} 11. Be3 Bxf3 12. Bxf3 Bh6 13. Bxa7 b6 14. Na3 Nf6 15. Rd1 Ke7 16. Nc4 Nc6 17. Bxb6 cxb6 18. Nxb6 Rd8 19. Rxd8 Nxd8 20. Nc4 Nb7 21. Nxe5 Nc5 22. Nc6+ Ke6 23. e5 Nfd7 24. b4 Na4 25. Bg4+ f5 {Danielsen,H (2510)-Bakalarz,M (2361) Differdange 2008 1-0 (52)}) 11... f6 12. Nc4 Bh6 13. Ne3 Be6 14. Ne1 Nf7 15. Nd3 Ne7 16. b3 Kf8 17. Nd5 Bxd5 18. exd5 Bxc1 19. Rxc1 b6 20. c4 Kg7 21. c5 Rd8 22. Nb4 a5 23. Na6 Rc8 24. f4 f5 25. fxe5 Nxe5 26. Re1 Kf6 27. d6 N7c6 28. dxc7 bxc5 29. Rxe5 Nxe5 30. Bb7 Rxc7 31. Nxc7 Nd3 32. Bd5 Ke5 33. Bc4 Nb4 34. a4 1-0

[Event "FRA-chT Top 12"]
[Site "Saint Quentin"]
[Date "2014.05.29"]
[Round "6.1"]
[White "Amin, Bassem"]
[Black "Swiercz, Dariusz"]
[Result "1-0"]
[WhiteElo "2628"]
[BlackElo "2608"]
[PlyCount "88"]
[EventDate "2014.05.24"]
[EventType "team-tourn"]
[EventRounds "11"]
[EventCountry "FRA"]
[SourceTitle "CBM 160 Extra"]
[Source "ChessBase"]
[SourceDate "2014.07.01"]
[SourceVersion "1"]
[SourceVersionDate "2014.07.01"]
[SourceQuality "1"]
[WhiteTeam "Bois Colombes"]
[BlackTeam "Rueil Malmaison"]
[WhiteTeamCountry "FRA"]
[BlackTeamCountry "FRA"]

1. Nf3 c5 2. g3 g6 3. Bg2 Bg7 4. O-O Nc6 5. d3 d6 6. a3 ({RR} 6. Nbd2 Bd7 7. e4 Rb8 8. c3 b5 9. Nb3 Nh6 10. a3 O-O 11. d4 c4 12. Nbd2 f5 13. exf5 Nxf5 14. Ng5 Qc8 15. Ndf3 h6 16. d5 Ne5 17. Nxe5 Bxe5 18. Ne4 Kh7 19. f4 Bh8 20. Bd2 Ng7 {Da Silva,G (1353)-Reis,V (1743) Joao Pessoa 2018 1-0 (33)}) 6... Nf6 $146 ({RR} 6... e6 7. c4 Nge7 8. Nc3 O-O 9. Rb1 Rb8 10. Bg5 h6 11. Bd2 Kh7 12. b4 b6 13. Qc1 Bb7 14. Nb5 Qd7 15. Re1 f5 16. bxc5 bxc5 17. Nc3 Nd4 18. Nxd4 cxd4 19. Na2 Bxg2 20. Kxg2 e5 21. f3 {Milchev,N (2422)-Bellon Lopez,J (2401) Vaxjo 2014 0-1 (41)}) ({RR} 6... e6 7. c4 Nge7 8. Nc3 b6 9. Bd2 Bb7 10. Rb1 O-O 11. b4 Qd7 12. Nb5 Rad8 13. Qc1 Rfe8 14. Rd1 Qc8 15. Bg5 Rd7 16. e4 Qb8 17. Bf4 Qd8 18. h4 h5 19. Bg5 a6 20. Nc3 Nd4 21. bxc5 {Onischuk,V (2560)-Jakovenko,D (2741) Khanty-Mansiysk 2012 ½-½ (61)}) ({RR} 6... Qd7 7. c3 e6 8. b4 Nge7 9. Nfd2 O-O 10. Nb3 Nd5 11. bxc5 Nxc3 12. Nxc3 Bxc3 13. Bh6 Re8 14. Rb1 Bh8 15. cxd6 Qxd6 16. a4 Bd7 17. Nd2 Rab8 18. Ne4 Qe7 19. Bg5 f6 20. Be3 b6 21. Qd2 {Hillarp Persson,T (2551)-Sagit,R (2369) Stockholm 2013 1-0 (76)}) 7. c4 Qd7 8. Nc3 b6 9. b4 Bb7 10. b5 Nd4 11. e3 Nxf3+ 12. Bxf3 d5 13. Bb2 O-O 14. e4 d4 15. Nb1 Ne8 16. a4 e5 17. a5 Nd6 18. a6 Bc8 19. Bg2 Qe7 20. f4 Bd7 21. Nd2 Rae8 22. Qf3 f5 23. Rae1 Kh8 24. Bc1 Qd8 25. exf5 Bxf5 26. fxe5 Nf7 27. g4 Bc8 28. Qxf7 Rxf7 29. Rxf7 Bxg4 30. Rxa7 Qh4 31. Re4 Qg5 32. Nb3 Qh5 33. Rb7 Bf3 34. a7 Bxe4 35. Rb8 Qd1+ 36. Kf2 Bxg2 37. Rxe8+ Bf8 38. Rxf8+ Kg7 39. Kxg2 Qg4+ 40. Kf1 Qh3+ 41. Ke1 Qh4+ 42. Rf2 Qd8 43. Ra2 Qa8 44. Kd1 Qd8 1-0

[Event "Sarajevo Bosna op-A 44th"]
[Site "Sarajevo"]
[Date "2014.06.01"]
[Round "3"]
[White "Rakhmanov, Alexander"]
[Black "Kovacevic, Aleksandar"]
[Result "1-0"]
[WhiteElo "2610"]
[BlackElo "2560"]
[PlyCount "113"]
[EventDate "2014.05.30"]
[EventType "swiss"]
[EventRounds "9"]
[EventCountry "BIH"]
[SourceTitle "CBM 160 Extra"]
[Source "ChessBase"]
[SourceDate "2014.07.01"]
[SourceVersion "1"]
[SourceVersionDate "2014.07.01"]
[SourceQuality "1"]

1. Nf3 c5 2. g3 Nc6 3. Bg2 g6 4. c3 Bg7 5. d4 cxd4 6. cxd4 d5 7. Nc3 e6 8. O-O Nge7 9. e3 O-O 10. Bd2 ({RR} 10. b3 b6 11. Ba3 Ba6 12. Re1 Qd7 13. Qd2 Rfd8 14. Rac1 Rac8 15. Rc2 Nf5 16. Rec1 Nd6 17. Qd1 h6 18. Bf1 Bb7 19. Nb5 Ne4 20. Nd2 f5 21. Nxe4 fxe4 22. Nd6 Bf8 23. Nxb7 Qxb7 24. Bxf8 Rxf8 {Sargissian,G (2679)-Bartel,M (2623) Baku 2015 1-0}) ({RR} 10. b3 a6 11. Ba3 Qa5 12. Bxe7 Nxe7 13. Na4 Bd7 14. Nc5 Bc6 15. Qd2 Qxd2 16. Nxd2 b6 17. Nd3 Bb5 18. Nf4 Bxf1 19. Bxf1 Rfc8 20. Nf3 Nc6 21. Rc1 Nb4 22. Rxc8+ Rxc8 23. a3 Nc2 24. Bxa6 Ra8 {Leinov,R (2120)-Holinka,H (2292) chess.com INT 2025 0-1 (41)}) ({RR} 10. b3 b6 11. Qe2 a5 12. a4 Ba6 13. Nb5 Na7 14. Rd1 Qd7 15. Bf1 Nf5 16. Ba3 Rfc8 17. Ne5 Qe8 18. Rdc1 f6 19. Nf3 Bf8 20. Bxf8 Qxf8 21. e4 Ng7 22. exd5 exd5 23. Qd2 Nxb5 24. axb5 Bb7 {Indjic,A (2419)-Kovacevic,A (2629) Belgrade 2014 ½-½ (65)}) 10... b6 11. Qa4 Bd7 $146 ({RR} 11... Bb7 12. Rfc1 Nf5 13. Be1 Nd6 14. Nd2 Na5 15. Bf1 Re8 16. Qd1 Nac4 17. b3 Nxd2 18. Bxd2 e5 19. Nb5 exd4 20. Nxd4 Bxd4 21. exd4 Nf5 22. Bf4 Nd6 23. Bg2 Qe7 24. h4 Rac8 25. Qg4 Ne4 26. Qf3 {Degerman,L (2469)-Nielsen,P (2660) Sweden 2015 ½-½}) 12. Qa3 Re8 13. Rfc1 Nf5 14. Be1 Bf8 15. Qa6 Nd6 16. Qe2 Rc8 17. b3 f5 18. Qb2 b5 19. Ne2 g5 20. Ne5 Nxe5 21. dxe5 Nf7 22. Rxc8 Qxc8 23. f4 b4 24. Nd4 Qb7 25. h3 Bc5 26. Rd1 Qb6 27. g4 fxg4 28. hxg4 Rf8 29. Bg3 gxf4 30. exf4 Nd8 31. Kh2 Nc6 32. Nxc6 Bxc6 33. Qc2 Be3 34. f5 Bd7 35. f6 Rc8 36. Qe2 Bb5 37. Qf3 Be8 38. Rf1 Bf7 39. Bf4 Rc3 40. Qe2 Qd4 41. Bg3 Qd3 42. Qf3 Qg6 43. Qe2 Qd3 44. Qxd3 Rxd3 45. Rf3 Bg6 46. Bf4 Bxf4+ 47. Rxf4 a5 48. Rf1 Re3 49. Rc1 Rxe5 50. Rc7 Re2 51. Kg3 Rxa2 52. g5 Re2 53. Ra7 d4 54. Ra8+ Kf7 55. Bc6 Be4 56. Be8+ Kf8 57. Rb8 1-0

[Event "Norway Chess blitz 2nd"]
[Site "Flor/Fjaere"]
[Date "2014.06.02"]
[Round "9"]
[White "Karjakin, Sergey"]
[Black "Topalov, Veselin"]
[Result "1-0"]
[WhiteElo "2771"]
[BlackElo "2772"]
[PlyCount "83"]
[EventDate "2014.06.02"]
[EventType "tourn (blitz)"]
[EventRounds "9"]
[EventCountry "NOR"]
[EventCategory "21"]
[SourceTitle "CBM 160 Extra"]
[Source "ChessBase"]
[SourceDate "2014.07.01"]
[SourceVersion "1"]
[SourceVersionDate "2014.07.01"]
[SourceQuality "1"]

1. Nf3 d5 2. g3 c6 3. Bg2 Bf5 4. d3 e6 5. Nbd2 h6 ({RR} 5... Nf6 6. Nh4 Bg4 7. h3 Bh5 8. g4 Nfd7 9. Ndf3 Bg6 10. e3 Bd6 11. Qe2 Ne5 12. Nxg6 Nxf3+ 13. Qxf3 hxg6 14. Bd2 Nd7 15. O-O-O g5 16. d4 Qb6 17. e4 Qxd4 18. Bxg5 Qa4 19. Kb1 O-O 20. Qb3 {Karjakin,S (2770)-Tomashevsky,E (2714) Sochi 2014 1-0 (34)}) 6. e4 Bh7 7. O-O Bd6 $146 ({RR} 7... Nf6 8. Qe2 Be7 9. h3 O-O 10. Nh2 c5 11. c3 Nc6 12. Re1 Qb6 13. Kh1 Qa6 14. f4 Rad8 15. Ng4 Nxg4 16. hxg4 b5 17. Nf1 d4 18. Rd1 Rd7 19. Qf2 dxc3 20. bxc3 b4 21. Be3 Rxd3 22. Bxc5 {Muse,M (2443)-Hammer,J (2601) Germany 2012 0-1 (50)}) ({RR} 7... Nf6 8. Qe2 Be7 9. Ne5 O-O 10. f4 Na6 11. Nb3 Qc7 12. Kh1 Rfd8 13. Bd2 Nc5 14. exd5 Nxb3 15. d6 Bxd6 16. axb3 Nd7 17. Nc4 Bc5 18. b4 Bf8 19. g4 Nb6 20. Nxb6 axb6 21. Rxa8 Rxa8 22. f5 {Adan Bermudez,S (2295)-Uber Gracia,H (2317) Sant Boi ESP 2024 1-0 (72)}) ({RR} 7... Nf6 8. Qe2 Be7 9. Ne5 O-O 10. f4 Na6 11. Kh1 Nc5 12. exd5 exd5 13. Ndf3 Re8 14. b3 Nfd7 15. Bb2 Nf8 16. Qf2 a5 17. a4 Na6 18. Ng4 Bc5 19. Bd4 Bxd4 20. Nxd4 f6 21. h3 Nb4 22. Nh2 {Weiss,C (2444)-Kozul,Z (2612) Batumi 1999 ½-½ (31)}) 8. Qe2 Ne7 9. Nh4 g5 10. Nhf3 Nd7 11. b4 Qc7 12. Rb1 O-O-O 13. c4 g4 14. Ne1 h5 15. Nc2 Be5 16. d4 Bg7 17. Nb3 e5 18. exd5 cxd5 19. Nc5 Nb6 20. cxd5 Nexd5 21. Bb2 exd4 22. Nxd4 Rhe8 23. Qd2 Nc4 24. Qg5 Bxb1 25. Rxb1 Nxb2 26. Qxg7 Nc4 27. Nb5 Qe5 28. Qxf7 Re7 29. Qg6 a6 30. Nxa6 bxa6 31. Qxa6+ Kb8 32. Rd1 Qe2 33. Nc3 Qe1+ 34. Rxe1 Rxe1+ 35. Bf1 Nxc3 36. Qxc4 Ne2+ 37. Kg2 Nd4 38. Qc5 Nf3 39. Qb5+ Kc7 40. Qa5+ Kd7 41. Qxh5 Rf8 42. Qxg4+ 1-0

[Event "Wch Rapid"]
[Site "Dubai"]
[Date "2014.06.16"]
[Round "1"]
[White "Amin, Bassem"]
[Black "Radjabov, Teimour"]
[Result "1-0"]
[WhiteElo "2635"]
[BlackElo "2724"]
[PlyCount "85"]
[EventDate "2014.06.16"]
[EventType "swiss (rapid)"]
[EventRounds "15"]
[EventCountry "UAE"]
[SourceTitle "CBM 160 Extra"]
[Source "ChessBase"]
[SourceDate "2014.07.01"]
[SourceVersion "1"]
[SourceVersionDate "2014.07.01"]
[SourceQuality "1"]

1. e4 c5 2. Nf3 Nc6 3. d3 g6 4. g3 Bg7 5. Bg2 e6 6. O-O Nge7 7. c3 d5 8. Re1 h6 ({RR} 8... dxe4 9. dxe4 b6 10. Qe2 a5 11. Na3 Ba6 12. Nb5 O-O 13. a4 Na7 14. e5 Nxb5 15. axb5 Bb7 16. Bg5 Qc7 17. Rad1 Rad8 18. Nd2 Bxg2 19. Kxg2 Rd5 20. Bf6 Bxf6 21. exf6 Nf5 22. Nc4 Rfd8 23. Rxd5 {Gabrielian,A (2429)-Olhovik,A (2283) chess.com INT 2024 0-1 (83)}) 9. h4 b6 10. e5 Ba6 $146 ({RR} 10... a5 11. a4 Qc7 12. Na3 Ba6 13. Bf4 g5 14. hxg5 hxg5 15. Bxg5 Nxe5 16. Nxe5 Bxe5 17. Bxe7 Kxe7 18. Qe2 Bxg3 19. fxg3 Qxg3 20. Qe5 Rag8 21. Qxg3 Rxg3 22. Kf2 Rxd3 23. Nb5 Rd2+ 24. Re2 Rxe2+ 25. Kxe2 {Chemin,V (2200)-Tsuboi,E Rio de Janeiro 1986 ½-½ (39)}) ({RR} 10... a5 11. a4 Ba6 12. Na3 Qc7 13. Qe2 Rd8 14. Nb5 Bxb5 15. axb5 Nb8 16. d4 Nd7 17. Bf4 Rc8 18. Rac1 O-O 19. Qd2 Kh7 20. Bf1 c4 21. Be2 Rh8 22. Bd1 Qd8 23. Bc2 Kg8 24. Kg2 Qe8 25. Rh1 {Amin,B (2617)-Maghsoodloo,P (2655) Dubai 2021 1-0 (45)}) ({RR} 10... Bb7 11. Bf4 Qc7 12. Qe2 Ba6 13. a3 g5 14. hxg5 Ng6 15. c4 O-O-O 16. Nc3 Nd4 17. Nxd4 cxd4 18. Na2 Kb8 19. cxd5 Nxf4 20. gxf4 exd5 21. Rac1 Qd7 22. e6 fxe6 23. Nb4 Bb7 24. Qxe6 Qxe6 25. Rxe6 {Valiente,C (2389)-Lafuente,P (2256) Villa Ballester 2000 1-0 (37)}) 11. d4 Qd7 12. Bf4 Nf5 13. a3 Rc8 14. b4 cxd4 15. cxd4 h5 16. Qd2 Bc4 17. Nc3 b5 18. Bg5 O-O 19. Bh3 a5 20. Rab1 axb4 21. axb4 Qa7 22. Bxf5 exf5 23. Bf6 Rfe8 24. Bxg7 Kxg7 25. Nd1 Nd8 26. Ng5 Nc6 27. Nf3 Ra8 28. Ne3 Qe7 29. Rb2 Ra3 30. Rd1 Rea8 31. Kg2 R8a4 32. Nc2 Rd3 33. Qe1 Nxb4 34. Nxb4 Rxd1 35. Qxd1 Rxb4 36. Rxb4 Qxb4 37. Qa1 Qa4 38. Qc1 Qa7 39. Qg5 Qb6 40. Qe7 Qe6 41. Qb7 Kf8 42. Ng5 Qe7 43. Nh7+ 1-0

[Event "Wch Rapid"]
[Site "Dubai"]
[Date "2014.06.16"]
[Round "1"]
[White "Anton Guijarro, David"]
[Black "Morozevich, Alexander"]
[Result "1-0"]
[WhiteElo "2631"]
[BlackElo "2731"]
[PlyCount "93"]
[EventDate "2014.06.16"]
[EventType "swiss (rapid)"]
[EventRounds "15"]
[EventCountry "UAE"]
[SourceTitle "CBM 160 Extra"]
[Source "ChessBase"]
[SourceDate "2014.07.01"]
[SourceVersion "1"]
[SourceVersionDate "2014.07.01"]
[SourceQuality "1"]

1. e4 c5 2. Nf3 e6 3. d3 b6 4. Nbd2 Bb7 5. g3 d6 6. Bg2 Be7 7. O-O Nf6 8. Re1 O-O 9. c3 Nc6 ({RR} 9... Nbd7 10. h3 h6 11. Nf1 Rc8 12. g4 Re8 13. Ng3 Bf8 14. d4 cxd4 15. cxd4 g6 16. Qd3 Bg7 17. Bd2 Qe7 18. Bb4 a5 19. Ba3 Red8 20. e5 Ne8 21. Ne4 Bxe4 22. Qxe4 Rc7 23. Rad1 b5 24. exd6 {Teterev,V (2257)-Weihrauch,J (2256) chess.com INT 2025 0-1 (89)}) 10. a3 b5 ({RR} 10... Rc8 11. d4 cxd4 12. cxd4 b5 13. e5 Nd5 14. Ne4 b4 15. Qd3 dxe5 16. dxe5 Nb6 17. Nd6 Rc7 18. Bf4 Nd5 19. Nxb7 Rxb7 20. Bd2 bxa3 21. bxa3 Qb8 22. Bg5 Rd8 23. Qc2 Nd4 24. Nxd4 Bxg5 25. h4 {Amin,B (2689)-Vachier Lagrave,M (2789) Riadh 2017 0-1 (37)}) ({RR} 10... Ne5 11. Nxe5 dxe5 12. Nc4 Qc7 13. f4 exf4 14. Bxf4 Qc6 15. Qe2 Rad8 16. a4 Ne8 17. Rad1 Qc8 18. Qc2 Nd6 19. Ne3 Rd7 20. h4 Rfd8 21. Ng4 Rf8 22. h5 h6 23. Qc1 Ne8 24. Rf1 Qd8 25. Ne5 {Morozevich,A (2716)-Ivanchuk,V (2711) Moscow 2002 ½-½ (43)}) 11. d4 cxd4 $146 ({RR} 11... Qb6 12. e5 dxe5 13. dxe5 Nd7 14. b3 Rfd8 15. Qe2 a5 16. h4 c4 17. bxc4 b4 18. Rb1 Nc5 19. Ne4 Nd3 20. Be3 Qa6 21. Red1 Qxc4 22. Nfd2 Qa2 23. cxb4 axb4 24. axb4 Bxb4 25. Nd6 Ba6 26. Bxc6 {Alrehaili,A (2134)-Defromont,B (2380) Entebbe UGA 2024 0-1 (38)}) ({RR} 11... Qb6 12. e5 dxe5 13. dxe5 Nd7 14. b3 Rfd8 15. Qe2 a5 16. h4 c4 17. bxc4 b4 18. Rb1 Nc5 19. Ne4 Nd3 20. Be3 Qa6 21. Red1 Qxc4 22. Nfd2 Qa2 23. cxb4 axb4 24. axb4 Bxb4 25. Nd6 Ba6 26. Bxc6 {Alrehaili,A (2134)-Defromont,B (2380) Entebbe UGA 2024 0-1 (38)}) 12. cxd4 a5 13. b3 d5 14. e5 Nd7 15. Nf1 a4 16. b4 Nb6 17. h4 Nc4 18. N1h2 Bc8 19. Ng4 f5 20. exf6 gxf6 21. Bh6 Rf7 22. Ne3 Nd6 23. Rc1 Bd7 24. Bh3 Rc8 25. Bg4 Bf8 26. Bxf8 Rxf8 27. Ng2 f5 28. Bh3 Nc4 29. Nf4 Qf6 30. Rc3 Rce8 31. Bf1 Kh8 32. Bxc4 dxc4 33. Rce3 Rg8 34. Kh2 Ne7 35. Rxe6 Bxe6 36. Rxe6 Qf8 37. d5 Qg7 38. Qe2 c3 39. d6 c2 40. Qxc2 Ng6 41. Rxe8 Rxe8 42. Nh5 Qa1 43. d7 Rf8 44. Qc7 Qb2 45. Kg2 f4 46. d8=Q fxg3 47. Qd4+ 1-0